书目信息 |
| 题名: |
唐宋诗词典故趣闻
|
|
| 作者: | 冯继魁 著 | |
| 分册: | ||
| 出版信息: | 北京 北京燕山出版社 2009.01 |
|
| 页数: | 198页 | |
| 开本: | 23cm | |
| 丛书名: | ||
| 单 册: | ||
| 中图分类: | I207.22 | |
| 科图分类: | ||
| 主题词: | 唐诗--tang shi--鉴赏--中国 , 宋词--song ci--鉴赏--中国 | |
| 电子资源: | ||
| ISBN: | 978-7-5402-0610-9 | |
| 000 | 00804nam0 2200253 450 | |
| 001 | 012008879047 | |
| 005 | 20100412101659.82 | |
| 010 | @a978-7-5402-0610-9@dCNY26.00 | |
| 100 | @a20100408d2009 em y0chiy0120 ea | |
| 101 | 0 | @achi |
| 102 | @aCN@b110000 | |
| 105 | @ay z 000gy | |
| 106 | @ar | |
| 200 | 1 | @a唐宋诗词典故趣闻@Atang song shi ci dian gu qu wen@f冯继魁著@Ffeng ji kui zhu |
| 205 | @a第2版 | |
| 210 | @a北京@c北京燕山出版社@d2009.01 | |
| 215 | @a198页@d23cm | |
| 330 | @a本书原则上采用一诗一词,一篇赏析文章,指出其源源、出处和由此产生的趣闻等,收录了许多名家的作品。 | |
| 606 | 0 | @a唐诗@Atang shi@x鉴赏@y中国 |
| 606 | 0 | @a宋词@Asong ci@x鉴赏@y中国 |
| 690 | @aI207.22@v4 | |
| 701 | 0 | @a冯继魁@Afeng ji kui@4著 |
| 801 | 0 | @aCN@bQSSK@c20100412 |
| 905 | @b775660-62@dI207.22@eF473@f3 | |
| 唐宋诗词典故趣闻/冯继魁著.-第2版.-北京:北京燕山出版社,2009.01 |
| 198页;23cm |
| ISBN 978-7-5402-0610-9:CNY26.00 |
| 本书原则上采用一诗一词,一篇赏析文章,指出其源源、出处和由此产生的趣闻等,收录了许多名家的作品。 |
| ● |
| 相关链接 |
|
|
|
正题名:唐宋诗词典故趣闻
索取号:I207.22/F473
 
预约/预借
| 序号 | 登录号 | 条形码 | 馆藏地/架位号 | 状态 | 备注 |
| 1 | 775660 | 207756604 | 文学库108/108文学库 7排3列1层/ [索取号:I207.22/F473] | 在馆 | |
| 2 | 775661 | 207756613 | 文学库108/108文学库 7排3列1层/ [索取号:I207.22/F473] | 在馆 | |
| 3 | 775662 | 207756622 | 文学库108/108文学库 7排3列3层/ [索取号:I207.22/F473] | 在馆 |